Vnutrenne-okislennyje splavy /

Enregistré dans:
Détails bibliographiques
Auteurs principaux: Danelija, Jevgenij P (Auteur), Rozenberg, Vladimir M (Auteur)
Format: Livre
Langue:russe
Publié: Moskva : Metallurgija, 1978
Tags: Ajouter un tag
Pas de tags, Soyez le premier à ajouter un tag!

MARC

LEADER 00000nam a22000003a 4500
001 stu35403
005 20150617225730.9
008 920416s1978----xxr-----------------rus-d
040 |a STU  |b slo 
041 0 |a rus 
044 |a xxr 
100 1 |a Danelija, Jevgenij P  |4 aut 
245 1 |a Vnutrenne-okislennyje splavy /  |c [aut.]Jevgenij P. Danelija, Vladimir M. Rozenberg 
260 |a Moskva :  |b Metallurgija,  |c 1978 
300 |a 229 s 
700 1 |a Rozenberg, Vladimir M  |4 aut 
996 |b 284M055294  |c M*7217-1  |l MMKN  |s A  |a 24  |w stu35403_0001